| 000 | 00942nam a2200277 i 4500 | ||
|---|---|---|---|
| 001 | bg | ||
| 100 | 1 | _aUściłowska, Anita. | |
| 245 | 1 | 0 |
_aRozwiązywanie wybranych zagadnień nieliniowych mechaniki metodą rozwiązań podstawowych / _cAnita Uściłowska. |
| 260 |
_aPoznań : _bWydawnictwo Politechniki Poznańskiej, _c2008. |
||
| 300 |
_a152, [2] s. : _bil. (w tym kolor.) ; _c24 cm. |
||
| 490 | 1 |
_aRozprawy / Politechnika Poznańska, _x0551-6528 ; _vnr 418 |
|
| 504 | _aBibliogr. s. 134-147. | ||
| 546 | _aStreszcz. ang. | ||
| 650 | 9 |
_aAnaliza numeryczna _xstosowanie _xmechanika |
|
| 650 | 9 |
_aMechanika nieliniowa _xmetody |
|
| 830 | 0 |
_aRozprawy - Politechnika Poznańska _vnr 418 |
|
| 020 | _a9788371433597 | ||
| 022 | _a05516528 | ||
| 040 | _cBPK | ||
| 041 | 0 |
_apol _beng |
|
| 044 | _aPOL | ||
| 080 | _a531/534:519.61/.64:517.9 | ||
| 920 | _a978-83-7143-359-7 | ||
| 942 | _cKS | ||
| 008 | 090408s2008 pl |000 0 pol | ||
| 999 |
_c56186 _d56186 |
||
| 856 |
_uhttp://koha.tu.koszalin.pl/cgi-bin/koha/opac-detail.pl?biblionumber=56186 _yKatalog online BPK |
||